[Event "HUN-ch"]
[Site "Budapest"]
[Date "1991.??.??"]
[Round "3"]
[White "Portisch, Lajos"]
[Black "Polgar, Zsuzsa"]
[Result "0-1"]
[WhiteElo "2570"]
[BlackElo "2535"]
[Annotator "Rogers,I"]
[PlyCount "76"]
[EventDate "1991.12.??"]
[EventType "tourn"]
[EventRounds "9"]
[EventCountry "HUN"]
[EventCategory "12"]
[Source "ChessBase"]
[SourceDate "1992.04.01"]

1. d4 d5 2. c4 e6 3. Nc3 c6 4. e3 Nf6 5. Nf3 Nbd7 6. Qc2 Bd6 7. b3 $5 O-O 8.
Be2 {Portisch's preference for the 7.b3 system is curious since he has been
rather unsuccessful with it over the years. Portisch - Ribli, Montpellier 1985,
concluded dramatically after 8... e5 9.cxd5 Nxd5 10.Nxd5 cxd5 11.dxe5 Nxe5 12.
O-O? Nxf3+ 13.Bxf3 Qh4 14.h3 Bxh3! 15.Rd1 Bh2+!  16.Kf1 Qf6 17.Bxd5 Bf5! 18.e4
Bg4 19.Ba3 Qa6+ 0-1 but Polgar does not wish to see Portisch's improvement on
this game.} dxc4 9. bxc4 e5 10. O-O Re8 11. Rb1 Qe7 12. Rd1 e4 13. Nd2 c5 14.
Nf1 b6 15. a4 $1 Bb7 16. Ng3 $5 g6 17. Nb5 Bb8 18. Ba3 h5 $1 {The outline of
the struggle is clear. Black will try to counter White's queenside pressure
with an attack against Portisch's king.} 19. Nf1 Qe6 20. a5 Ba6 21. d5 Qe5 22.
Bb2 Qg5 23. axb6 $2 ({In such a tense situation even a minor error can have
near-fatal consequences. Now Polgar's rook is given scope for activity,
whereas after} 23. d6 $1 Bxb5 24. cxb5 Re6 25. f4 $1 {Black's rook in the
corner is a severe liability - she cannot play} exf3 {en passant.}) 23... axb6
24. d6 $6 Bxb5 25. cxb5 Re6 $1 26. Bc4 Rxd6 27. Ra1 Rxa1 28. Rxa1 Ne5 29. Qb3
$2 Nf3+ 30. Kh1 Ng4 $1 31. g3 ({It is too late for} 31. Qc2 {as} Rd2 $1 {wins.}
) 31... Qf5 $1 32. Be2 Rd2 $1 33. Ra8 ({If instead} 33. Nxd2 {Nxf3+ 34.Kg2
Qh3+ leads to mate. Now Portisch himself threatens mate but Polgar's attack
comes first.}) 33... Nxf2+ 34. Kg2 Ne1+ 35. Kg1 Nh3+ 36. Kh1 Qxf1+ $3 {Without
this queen sacrifice Black might have had to settle for a draw by perpetual
check. Now White's key defensive piece is removed and the Black knights take
over.} 37. Bxf1 Nf2+ 38. Kg1 Nf3+ (38... Nf3+ {White is mated after} 39. Kg2
Ng4+ 40. Be2 Rxe2+ 41. Kf1 {Rf2. A spectacular victory by Polgar over the
pre-tournament favourite.}) 0-1

[Event "HUN-ch"]
[Site "Budapest"]
[Date "1991.??.??"]
[Round "4"]
[White "Polgar, Zsuzsa"]
[Black "Lukacs, Peter"]
[Result "1-0"]
[WhiteElo "2535"]
[BlackElo "2500"]
[Annotator "Ribli"]
[PlyCount "61"]
[EventDate "1991.12.??"]
[EventType "tourn"]
[EventRounds "9"]
[EventCountry "HUN"]
[EventCategory "12"]
[Source "ChessBase"]
[SourceDate "1992.04.01"]

1. Nf3 d5 2. c4 e6 3. g3 Nf6 4. Bg2 Be7 5. O-O O-O 6. b3 c5 7. cxd5 Nxd5 8. Bb2
Nc6 9. Nc3 Bf6 (9... Nxc3 10. Bxc3 Qc7 11. Qc2 Rd8 12. Qb2 Bf8 13. Rac1 Qb6 14.
d3 Bd7 $13 {Salov,V-Beliavsky,A  Linares 1991  CBM/22  51/15}) (9... Re8 10.
Nxd5 exd5 11. d4 Bf6 12. Qd2 cxd4 13. Nxd4 Bxd4 14. Bxd4 Bg4 15. e3 Qd7 16.
Rfc1 Bh3 17. Bh1 $14 {Bagirov,V-Magerramov,E  URS-ch58 1991  CBM/27   A 34})
10. Qc2 $5 b6 $2 (10... Nxc3 $1 11. Bxc3 e5 12. d3 Rb8 $13) 11. Nxd5 exd5 12.
d4 $1 Nxd4 13. Nxd4 cxd4 14. Rad1 Be6 15. Bxd4 Rc8 16. Qb2 Bxd4 17. Rxd4 $16
Rc5 18. Rfd1 Qf6 19. Qd2 Rfc8 20. Bxd5 Rc2 21. Qd3 Rxa2 22. Bxe6 fxe6 23. Re4
Re8 24. Qd7 Qe7 25. Qc6 Ra5 26. Rd7 Qf8 27. Rxe6 Rc8 28. Qb7 Rc1+ 29. Kg2 Rf5
30. f3 Rf7 31. Rxf7 1-0

[Event "HUN-ch"]
[Site "Budapest"]
[Date "1991.??.??"]
[Round "9"]
[White "Farago, Ivan"]
[Black "Polgar, Zsuzsa"]
[Result "1/2-1/2"]
[WhiteElo "2515"]
[BlackElo "2535"]
[Annotator "Polgar,Zsu"]
[PlyCount "63"]
[EventDate "1991.12.??"]
[EventType "tourn"]
[EventRounds "9"]
[EventCountry "HUN"]
[EventCategory "12"]
[Source "ChessBase"]
[SourceDate "1992.04.01"]

1. d4 d5 2. c4 dxc4 3. Nf3 a6 4. e3 Nf6 5. Bxc4 e6 6. Qe2 c5 7. dxc5 Bxc5 8.
O-O Qc7 9. e4 (9. Nbd2 Nc6 10. Bd3 b5 $6 11. Nb3 Bd6 12. Bd2 Bb7 13. Rfc1 Qe7
$6 14. a4 $16 {Elvest-Polgar,Zsu/Pamplona/1991/92}) 9... Ng4 10. Bg5 {N} (10.
Nbd2 Nc6 11. Nb3 Bd6 12. h3 Nge5 $10) 10... Nc6 11. Nbd2 (11. h3 $4 Nd4 $19)
11... Bd6 (11... Nd4 12. Qd3 $14) 12. h3 h6 $5 (12... Nge5 13. Nxe5 Bxe5 $10)
13. Bh4 (13. hxg4 hxg5 14. g3 f6 $15) 13... Nge5 14. Nxe5 (14. Bb3 $142) 14...
Bxe5 15. Nf3 g5 $5 (15... Nd4 16. Nxd4 Bxd4 $10) 16. Bg3 (16. Nxe5 Nxe5 17. Bg3
Qxc4 $19) 16... Bxg3 17. fxg3 Qxg3 18. Rad1 g4 (18... O-O $6 19. e5 $44) 19.
hxg4 Bd7 20. b4 $5 b5 $5 (20... Rg8) 21. Bd5 $1 Rg8 (21... exd5 $2 22. exd5+
Ne7 23. d6 $18) 22. Bxc6 (22. Rc1 Rc8) 22... Bxc6 23. Nd4 Bd7 24. Nf5 $1 exf5
25. exf5+ Kf8 (25... Kd8 26. Qe4 $1 Ra7 27. Qd4 Rc7 (27... Qxg4 28. Qb6+ Rc7
29. Qb8+ Rc8 30. Qb6+ $10) 28. Qf6+ Kc8 29. Qxa6+ Kb8 30. Rf3 $1 Qxg4 31. Qb6+
Kc8 32. Qa6+ $10) 26. Rxd7 Re8 27. Qd2 Rxg4 $1 28. Qd5 (28. Qxh6+ Kg8 29. Qh2
Qxh2+ 30. Kxh2 Re2 $15) 28... Qe3+ 29. Rf2 Qc1+ 30. Rf1 Qe3+ 31. Rf2 Qc1+ 32.
Rf1 1/2-1/2

[Event "Pamplona 9192 2nd"]
[Site "Pamplona"]
[Date "1991.??.??"]
[Round "2"]
[White "Chernin, Alexander"]
[Black "Polgar, Zsuzsa"]
[Result "1/2-1/2"]
[WhiteElo "2605"]
[BlackElo "2535"]
[PlyCount "41"]
[EventDate "1991.12.??"]
[EventType "tourn"]
[EventRounds "9"]
[EventCountry "ESP"]
[EventCategory "13"]
[Source "ChessBase"]
[SourceDate "1992.06.01"]

1. d4 d5 2. Nf3 Bf5 3. c4 e6 4. Nc3 Nf6 5. e3 c6 6. Bd3 Bxd3 7. Qxd3 Nbd7 8.
O-O Be7 9. Rd1 O-O 10. e4 dxe4 11. Nxe4 Nxe4 12. Qxe4 Nf6 13. Qe2 Qc7 14. b3
Rfd8 15. Bb2 c5 16. Rd3 a6 17. Rad1 cxd4 18. Nxd4 Qa5 19. Bc3 Qh5 20. Qxh5 Nxh5
21. g3 1/2-1/2

[Event "Pamplona 9192 2nd"]
[Site "Pamplona"]
[Date "1991.??.??"]
[Round "4"]
[White "Polgar, Zsuzsa"]
[Black "Yudasin, Leonid"]
[Result "1-0"]
[WhiteElo "2535"]
[BlackElo "2595"]
[Annotator "Polgar,Zsu"]
[PlyCount "87"]
[EventDate "1991.12.??"]
[EventType "tourn"]
[EventRounds "9"]
[EventCountry "ESP"]
[EventCategory "13"]
[Source "ChessBase"]
[SourceDate "1992.06.01"]

1. d4 {Kortschnoj  Stohl} Nf6 2. c4 e6 3. Nf3 c5 4. d5 exd5 5. cxd5 d6 6. Nc3
g6 7. h3 (7. e4 {Stohl} a6 {/\} 8. a4 Bg4 $13) 7... Bg7 (7... a6 {Stohl} 8. a4
Qe7 $5 9. Bg5 (9. Nd2 Nbd7 10. e4 Bg7 11. Be2 O-O 12. O-O Re8 13. f4 Rb8 14.
Re1 b5 $1 15. axb5 axb5 16. e5 b4 $3 17. exf6 Nxf6 18. Nf3 bxc3 19. Bb5 Qxe1+
20. Nxe1 Rxb5 21. bxc3 Ne4 $40 {Garcia,D-Magerramov,E,Nimes op 1991}) 9... Bg7
10. Nd2 Nbd7 11. e3 O-O 12. Bd3 (12. Be2 $142) 12... h6 13. Bh4 Rb8 14. O-O Ne5
15. Bc2 g5 16. Bg3 b5 17. axb5 axb5 18. f4 Nc4 $132 {Chernin,A-Wahls,M,
Dortmund-A 1990-CBM 18}) 8. e4 O-O 9. Bd3 a6 (9... Re8 10. O-O c4 11. Bc2 Na6
12. Be3 Bd7 (12... Nb4 13. Nd2 $1 Nxc2 14. Qxc2 Bd7 15. Nxc4 Qe7 16. Bf4 $14 {
Bagirov,V-Vasiukov,E/Moscow Veterans/1991/1-0/72/   ->CBM 25}) 13. a3 Rc8 14.
Bd4 Nc5 15. Re1 Nh5 16. Bxg7 Kxg7 17. e5 dxe5 18. Nxe5 Qf6 19. Nxd7 Nxd7 $2 (
19... Rxe1+ $142 {Besser} 20. Qxe1 Nxd7 $13) 20. Rxe8 Rxe8 21. Ba4 $1 Rd8 22.
Bxd7 Rxd7 23. Qg4 $18 {Polgar,Zsu-Tolnai,T/HUN-ch/1991/1-0/60/  -> CBM 27}) (
9... b5 {Stohl} 10. Nxb5 Re8 $5 $146) 10. a4 (10. O-O $5 b5 11. Bf4 {
Vyzmanavin-Suba,M/Copenhagen/1991/1-0/58/    -> TD 1991/6} (11. Bf4 {Stohl} Bb7
12. Re1 Qb6 13. Rc1 Nbd7 14. b3 Nh5 15. Be3 Qa5 16. Qd2 Rfe8 17. a4 $14 {
Vyzhmanavin,A-Suba,M,Copenhagen op 1991-TD 91_06})) 10... Nh5 11. O-O (11. Bg5
$6 Bf6 $1 12. Be3 Nd7 {Ivanchuk,V-Yudasin,L (5)/Riga cm/1991/1/2-1/2/39/  ->
CBM 22}) (11. Bg5 $5 $14 {Stohl}) (11. g4 $5 {Kortschnoj} Nf6 12. Bf4 {/\
Ke1-f1-g2}) 11... Nd7 12. Be3 (12. Bg5 {Stohl} Bf6 13. Be3 Re8 14. Qd2 Rb8 15.
Rab1 Qa5 16. g4 Ng7 17. Bf4 Ne5 18. Nxe5 Bxe5 19. Bxe5 dxe5 20. f4 $36 {Garcia,
D-Romanishin,O,Terrassa 1991-CBM 24}) (12. g4 $6 {Kortschnoj} Ne5 $1 $13) 12...
Re8 13. Re1 Ne5 (13... Rb8) 14. Be2 {N} (14. Nxe5 Bxe5 $13 (14... Bxe5 {Stohl}
15. Qd2 Qh4 $13)) 14... Nxf3+ 15. Bxf3 Nf6 (15... Qh4 16. Qd2 $14) 16. Bf4 Nd7
$1 17. Bxd6 $1 (17. Qd2 Ne5 18. Be2 Be6 (18... f5 $13 {Stohl  <=>}) 19. Bh2 g5
20. f4 $13) 17... Qb6 18. e5 (18. Bf4 $2 Qxb2 $17) 18... Nxe5 19. Bxe5 Bxe5 (
19... Rxe5 $2 {Kortschnoj} 20. Rxe5 Bxe5 21. Qe2 {this variation would not
bring a relief to black.}) 20. a5 $1 Qd8 (20... Qxb2 21. Na4 $44) 21. d6 $1 (
21. Ne4 $6 {Stohl} Bxb2 22. Ra2 Bd4 $17) (21. Qb3 {Kortschnoj  /\ 22.Ne4 was
worth a consideration.}) 21... Re6 $1 (21... Bd4 $2 22. Rxe8+ Qxe8 23. Nd5 $16)
22. Qb3 $1 (22. Bd5 Bxc3 $1 23. bxc3 Rxd6 24. Qa4 $13 (24. Qa4 {Stohl} Bd7 25.
Qb3 $146)) 22... Qxd6 (22... Bxd6 $6 23. Rxe6 Bxe6 (23... fxe6 24. Rd1 $16) 24.
Qxb7 $16) 23. Bd5 (23. Rad1 Bd4) 23... Re7 (23... Bxc3 {Kortschnoj} 24. Bxe6
Bxe1 25. Bxf7+ $14) 24. Ne4 Qc7 25. Ng5 Bf6 $6 (25... Bd4 $142 {Besser}) (25...
Bd4 $5 {Stohl} 26. Rxe7 Qxe7 27. Nxf7 Kg7 28. Qb6 Bf5 29. Nd6 Rf8 $13) 26. Rxe7
Qxe7 27. Nxf7 Kg7 28. Qb6 $1 Rb8 $2 (28... Bd7 $5) 29. Nd6 Bxh3 $5 30. Ne4 $1 (
30. gxh3 $2 Rd8) 30... Rd8 (30... Bf5 {Stohl} 31. Nxf6 Qxf6 32. Qc7+ $18) 31.
Bxb7 $138 (31. Nxf6 Qxf6 32. Bxb7 Bc8 (32... Qxb6 {Stohl} 33. axb6 Rb8 34. Bxa6
Bf5 35. b7 Be4 36. Ra5 $18) 33. Bxc8 Qxb6 34. axb6 Rxc8 35. Rxa6 $16) 31... Bc8
$1 (31... Rb8 {Kortschnoj} 32. Qxf6+ Qxf6 33. Nxf6 Rxb7 (33... Kxf6 34. Bxa6
Be6 35. Be2 Rxb2 36. Bf3 {And black can hardly save the game.}) 34. Ne8+ Kf8
35. Nd6 Rd7 36. Ne4 {winning a pawn}) 32. Bxc8 Qxe4 (32... Rxc8 $4 33. Nxf6
Qxf6 34. Qb7+ $18) 33. Bxa6 Qc2 34. Rf1 Qxb2 35. Qc7+ Kh6 $6 (35... Kh8 $142 $5
$16 {Stohl}) 36. Bb7 Qd4 37. a6 c4 38. g3 Rd7 (38... Be5 {Kortschnoj} 39. Qe7
Bxg3 40. a7 $18) (38... c3 $1 {Kortschnoj}) 39. Qc8 Rd8 40. Qc7 Rd7 41. Qb8 Qb6
(41... Rd8 42. a7 $18) 42. Qf8+ (42. a7 $2 Rxb7 43. Qf8+ Bg7 44. Qf4+ g5) 42...
Kg5 (42... Bg7 43. Qc8 $18 {42.Qf4 +-} (43. Qc8 {Stohl} Rc7 44. Qh3+ Kg5 45.
Qh4+ Kf5 46. Qf4+ $18 {->})) 43. Kg2 Rxb7 (43... Rg7 {Kortschnoj} 44. f4+ {1-0
Polgar,Zsu-Yudasin,L/Pamplona (4) 1991}) 44. f4+ {44...Kf5 45.Qc8 +-} (44. f4+
{Stohl} Kf5 45. Qc8+ $18 {[Stohl]}) 1-0

[Event "Pamplona 9192 2nd"]
[Site "Pamplona"]
[Date "1991.??.??"]
[Round "6"]
[White "Polgar, Zsuzsa"]
[Black "De la Villa Garcia, Jesus Maria"]
[Result "1-0"]
[WhiteElo "2535"]
[BlackElo "2470"]
[Annotator "Polgar,Zsu"]
[PlyCount "121"]
[EventDate "1991.12.??"]
[EventType "tourn"]
[EventRounds "9"]
[EventCountry "ESP"]
[EventCategory "13"]
[Source "ChessBase"]
[SourceDate "1992.06.01"]

1. d4 {Ftacnik} Nf6 2. Nf3 g6 3. c4 Bg7 4. Nc3 d5 5. cxd5 Nxd5 6. e4 Nxc3 7.
bxc3 c5 8. Rb1 O-O 9. Be2 Nc6 (9... cxd4 10. cxd4 Qa5+ 11. Bd2 Qxa2 12. O-O Bd7
13. Rxb7 Bc6 14. Rxe7 Qa3 15. Bg5 h6 16. Qc1 Qb4 17. Qd2 Qa3 18. Bh4 $1 {N} g5
19. Bxg5 $1 hxg5 20. Qxg5 Nd7 21. Nh4 Qd6 22. Nf5 Qf6 23. Qg4 Rae8 24. e5 Qxf5
25. Qxf5 Rxe7 26. Rc1 $18 {Chernin,A-Fernandez,JL/Pamplona (4)/1991/1-0/34/   
-> CBM 28}) 10. d5 Bxc3+ 11. Bd2 Bxd2+ 12. Qxd2 Na5 13. h4 Bg4 14. Ng5 (14. h5
Bxf3 15. gxf3 e5 16. Qc3 {Kamsky,G-Timman,J/Linares/1991/1/2-1/2/52/   -> CBM
22; Ftacnik: Grunfeld 2} (16. d6 $1 {Timman}) (16. Qh6 g5 17. Rg1 f6 18. f4
exf4 19. e5 {Karason,A-Richgov,M/Gausdal/1991/1-0/70/   -> TD 1991/6})) 14...
Bxe2 15. Kxe2 h6 (15... e6 16. h5 h6 $2 17. Nh7 $1 $18 {Ermenkov-Mrdja/Baden
Baden/1985/1-0/}) (15... e5 16. h5 Qf6 17. Nxh7 Kxh7 18. Qxa5 {Gaprindashvili,
N-Kouatly,B/Albena/1985/1-0/39/  Ftacnik:Grunfeld 2} b6) 16. Nh3 {16.h5; 16.Nf3
} (16. Nf3 {Ftacnik}) (16. h5 {Ftacnik}) 16... Kh7 17. Qc3 $5 e5 $6 (17... b6
$142 {Besser} 18. f4 $5 (18. Nf4 $5 $13)) 18. dxe6 $16 Qd4 $1 (18... fxe6 $2
19. Ng5+ hxg5 20. hxg5+ Kg8 21. Rh8+ Kf7 22. Rh7+ Ke8 23. Qg7 $18) 19. Qxd4 (
19. Qxa5 $2 Qxe4+ 20. Kd2 Rad8+ 21. Kc1 Rd4 $36) 19... cxd4 20. exf7 (20. Rb5
b6 21. exf7 Rad8 (21... Rxf7 $2 22. Rd5 Nc6 23. Rd6 $18) 22. Rd5 Rxd5 23. exd5
Rxf7 24. Rd1 Rd7 25. Rxd4 Nc6 26. Rd2 Ne7 27. Nf4 g5 $14) 20... Rxf7 21. Kd3 $5
(21. Rhc1 $1 Re8 22. Kd3 Rfe7 23. Nf4 $1 Rxe4 (23... Rf7 24. Nd5 Rxf2 25. Rc7+
Kh8 26. Rb5 b6 27. Rxa7 {+/-/+-}) 24. Nd5 $18) 21... Rc8 (21... Nc6 22. f4 $18
{/\ e5, g3, Nf2-e4 +-}) 22. Rhc1 Nc6 23. f4 Nb4+ (23... Rfc7 24. Kd2 Na5 25.
Rxc7+ Rxc7 26. h5 $16) 24. Kxd4 Rxc1 (24... Rd7+ 25. Ke3 Rxc1 26. Rxc1 Nxa2 27.
Ra1 $18) 25. Rxc1 Nxa2 26. Rc8 $1 b5 (26... Nb4 $5) (26... Nb4 $5 {Ftacnik})
27. Rb8 b4 28. e5 a5 29. e6 (29. h5) (29. h5 $5 {Ftacnik} gxh5 30. e6) 29...
Ra7 (29... Re7 30. Ke5) 30. f5 $5 (30. Rd8 b3 31. Rd7+ Rxd7+ 32. exd7 b2 33.
d8=Q b1=Q $10) (30. h5 $5) 30... gxf5 31. Nf4 b3 $8 (31... a4 32. Rd8 b3 33.
Rd7+ Rxd7+ 34. exd7 b2 35. d8=Q b1=Q 36. Qe7+ Kg8 37. Qe8+ Kg7 38. Nh5+ $18 (
38. Nh5+ {Ftacnik} Kh7 39. Qf7+ $18)) (31... Kg7 32. Ke5 $18 {/\ Nd5, e7}) 32.
Rxb3 Nb4 (32... a4 33. Rg3 $1 $18 (33. Rg3 $1 {Ftacnik} a3 34. Nh5 $18)) 33. h5
$138 Nc6+ 34. Kc5 a4 35. Re3 $1 Ne7 (35... a3 36. Kxc6 a2 37. Re1 a1=Q 38. Rxa1
Rxa1 39. e7 Re1 40. Kd7 $18) 36. Ng6 $1 Nc8 (36... Nxg6 37. hxg6+ Kxg6 38. e7
$18) (36... a3 37. Nxe7 a2 38. Re1 a1=Q (38... Rxe7 39. Kd6 $18 (39. Kd6 Ra7
40. e7 $18)) 39. Rxa1 Rxa1 40. Nxf5 $18 (40. Nxf5 {Ftacnik} Re1 41. Kd6 Kg8 42.
Ke7 Re2 43. Kf6 Kf8 44. e7+ Ke8 45. Ng7+ Kd7 46. e8=Q+ Rxe8 47. Nxe8 Kxe8 48.
Kg6 $18)) 37. Rd3 Ra8 (37... a3 38. Rd7+ $18) 38. Rd7+ Kg8 39. Rd8+ Kg7 40. e7
$1 (40. Ne7 $2 Ra5+ $2 (40... a3 $1) (40... a3 $1 {Ftacnik}) 41. Kb4 Nxe7 42.
Kxa5 Nc6+ 43. Kxa4 Nxd8 44. e7 $18) 40... Ra5+ 41. Kb4 Nxe7 42. Nxe7 Re5 43.
Nd5 (43. Rd7 $6 Kf6 44. Ng8+ Kg5 45. Rg7+ Kxh5 46. g3 Re6 $10) 43... Re4+ 44.
Kc5 $1 Rg4 (44... a3 45. Rd7+ Kg8 46. Ra7 $18) 45. Rd7+ Kf8 46. Ra7 Rxg2 47.
Rxa4 Rh2 48. Ra8+ Kf7 49. Ra7+ Kf8 50. Nf4 Rd2 (50... Rf2 51. Ne6+ Kg8 52. Kd6
Rh2 53. Ke5 Rxh5 54. Kf6 Rh1 55. Ra8+ Kh7 56. Nf8+ Kg8 57. Ng6+ $18 (57. Ng6+ {
Ftacnik} Kh7 58. Rh8#)) 51. Ng6+ Kg8 52. Ne7+ Kf8 (52... Kf7 53. Nd5+ Kf8 54.
Kd6 $18) 53. Nxf5 Rg2 (53... Rh2 54. Kd6 $1 Rxh5 55. Ke6 Kg8 56. Kf6 Rg5 57.
Ne7+ Kh7 58. Ng6+ $18 (58. Ng6+ {Ftacnik} Kg8 59. Rg7#)) 54. Kd6 Kg8 55. Ke6
Kh8 56. Ra8+ Kh7 57. Ra7+ Kh8 58. Kf6 Rg1 59. Ne7 Rf1+ 60. Kg6 Ra1 61. Nc6 1-0

[Event "Pamplona 9192 2nd"]
[Site "Pamplona"]
[Date "1991.??.??"]
[Round "9"]
[White "Ehlvest, Jaan"]
[Black "Polgar, Zsuzsa"]
[Result "1-0"]
[WhiteElo "2605"]
[BlackElo "2535"]
[Annotator "Anand,V"]
[PlyCount "65"]
[EventDate "1991.12.??"]
[EventType "tourn"]
[EventRounds "9"]
[EventCountry "ESP"]
[EventCategory "13"]
[Source "ChessBase"]
[SourceDate "1992.06.01"]

1. d4 {Ftacnik} d5 2. Nf3 Nf6 3. c4 dxc4 4. e3 e6 5. Bxc4 c5 6. Qe2 a6 7. dxc5
Bxc5 8. O-O Qc7 9. Nbd2 Nc6 10. Bd3 b5 {Maybe black should do without this move
} (10... O-O 11. a3 e5) 11. Nb3 $1 {Usually white plays something like 11.a3
followed by b4,Bb2. 11.Nb3 makes a  stronger impression} (11. a3 {Ftacnik})
11... Bd6 12. Bd2 Bb7 13. Rfc1 Qe7 (13... Qb6 {Ftacnik} 14. h3 O-O 15. e4 Rfc8
16. Be3) 14. a4 b4 (14... bxa4 15. Rxa4 O-O 16. Bxa6 {nets a pawn}) 15. Rc4 Nd7
$6 (15... O-O $1 16. Rac1 Rfc8 $14) 16. Be4 Nde5 17. Bxc6+ Nxc6 18. Rac1 Nd8
19. e4 $16 {effortlessly white has got a better position} a5 20. e5 Bb8 21.
Nxa5 $1 $18 Bxf3 22. Qxf3 Rxa5 23. Bxb4 Qa7 24. Bxa5 Qxa5 25. Rc8 Bxe5 (25...
Qxe5 {Ftacnik} 26. Qg3 $1 Qxg3 27. hxg3 Bd6 28. a5 $18) 26. R8c5 Qd2 27. Rd1
Qxb2 28. Rb5 Qc3 29. Qxc3 Bxc3 30. Rxd8+ Kxd8 31. Rb8+ Kc7 32. Rxh8 h6 33. Kf1
1-0

[Event "Donau Cup op"]
[Site "Budapest"]
[Date "1992.??.??"]
[Round "?"]
[White "Polgar, Judit"]
[Black "Polgar, Zsuzsa"]
[Result "1/2-1/2"]
[WhiteElo "2550"]
[BlackElo "2525"]
[PlyCount "20"]
[EventDate "1992.??.??"]
[EventType "swiss (rapid)"]
[EventRounds "11"]
[EventCountry "HUN"]
[Source "ChessBase"]
[SourceDate "1998.11.10"]

1. e4 e6 2. d4 d5 3. exd5 exd5 4. Bd3 Bd6 5. Nf3 Ne7 6. O-O O-O 7. c4 c6 8. Nc3
h6 9. cxd5 Nxd5 10. Nxd5 cxd5 1/2-1/2

[Event "Oviedo rapid45"]
[Site "Oviedo"]
[Date "1992.??.??"]
[Round "6"]
[White "Polgar, Zsuzsa"]
[Black "Spraggett, Kevin"]
[Result "1/2-1/2"]
[WhiteElo "2530"]
[BlackElo "2545"]
[PlyCount "77"]
[EventDate "1992.??.??"]
[EventType "swiss (rapid)"]
[EventRounds "11"]
[EventCountry "ESP"]
[Source "ChessBase"]
[SourceDate "1994.03.01"]

1. e4 c5 2. Nf3 d6 3. d4 cxd4 4. Nxd4 Nf6 5. Nc3 Nc6 6. Bg5 e6 7. Qd2 a6 8.
O-O-O h6 9. Be3 Be7 10. f4 Bd7 11. h3 b5 12. Bd3 Qc7 13. g4 Rc8 14. g5 hxg5 15.
fxg5 Nh5 16. Nxc6 Bxc6 17. g6 f6 18. Ne2 Qb7 19. Nd4 Bxe4 20. Rhe1 Bxd3 21.
Qxd3 Qd5 22. Bd2 Rc4 23. Rxe6 Rxd4 24. Qe3 O-O 25. Rxe7 Qxa2 26. Qe6+ Qxe6 27.
Rxe6 f5 28. Bc3 Rxd1+ 29. Kxd1 f4 30. Ke2 Ng3+ 31. Kf2 Nf5 32. Bd2 f3 33. Bf4
Nd4 34. Rxd6 Nxc2 35. Be5 Ne3 36. Kxe3 f2 37. Rd7 Rf3+ 38. Kxf3 f1=Q+ 39. Ke4
1/2-1/2

[Event "Roquebrune"]
[Site "Roquebrune"]
[Date "1992.??.??"]
[Round "?"]
[White "Polgar, Zsuzsa"]
[Black "Karpov, Anatoly"]
[Result "1-0"]
[WhiteElo "2530"]
[BlackElo "2725"]
[PlyCount "71"]
[EventDate "1992.02.??"]
[EventType "tourn (blitz)"]
[EventRounds "22"]
[EventCountry "FRA"]
[EventCategory "15"]
[Source "ChessBase"]
[SourceDate "1992.05.01"]

1. d4 Nf6 2. c4 e6 3. Nf3 b6 4. g3 Ba6 5. b3 Bb4+ 6. Bd2 Be7 7. Bg2 c6 8. O-O
d5 9. Ne5 Nfd7 10. Nxd7 Nxd7 11. Bc3 O-O 12. Nd2 f5 13. Rc1 Ba3 14. Rb1 Bd6 15.
b4 Qc8 16. Qb3 b5 17. c5 Bc7 18. e3 Qe8 19. f4 h6 20. Nf3 Kh7 21. Kf2 Nf6 22.
Ne5 Bxe5 23. dxe5 Ng4+ 24. Ke2 Nxh2 25. Rh1 Ng4 26. Bf3 Qg6 27. Rh4 Kg8 28. Qc2
Qe8 29. Rbh1 Bc8 30. Bxg4 fxg4 31. Rxg4 Kh8 32. Rg6 Qf7 33. g4 Kg8 34. Rhxh6 a5
35. Rg5 axb4 36. Qh7# 1-0

[Event "Aruba"]
[Site "Aruba"]
[Date "1992.??.??"]
[Round "1"]
[White "Polgar, Zsuzsa"]
[Black "Sax, Gyula"]
[Result "1-0"]
[WhiteElo "2530"]
[BlackElo "2600"]
[Annotator "Stohl,I"]
[PlyCount "81"]
[EventDate "1992.03.??"]
[EventType "tourn"]
[EventRounds "9"]
[EventCountry "NAU"]
[EventCategory "11"]
[Source "ChessBase"]
[SourceDate "1992.10.01"]

1. d4 Nf6 2. c4 e6 3. Nf3 c5 4. d5 exd5 5. cxd5 d6 6. e4 g6 7. Nc3 Bg7 (7... a6
8. a4 (8. Bf4 Bg4 $5 $13 {-A61}) 8... Bg4 9. h3 Bxf3 10. Qxf3 Nbd7 11. Be2 Bg7
12. O-O O-O 13. Bf4 Qe7 14. Rfe1 Rae8 15. Bf1 Nh5 $132 {1/2:1/2,Topalov,
V-Franco,Z,Elgoibar 1991}) 8. Bf4 (8. h3 O-O 9. Bd3 Bd7 $5 10. O-O (10. a4 Na6
$132) 10... b5 11. Re1 c4 12. Bc2 b4 13. Ne2 Na6 14. Ned4 Rc8 15. Bf4 Qb6 16.
b3 c3 17. Ne2 Rfd8 18. Ng3 Nc5 $15 {Costa,JL-Shabalov,A,Suhr op 1992-EXP 27})
8... a6 9. h3 $5 {N} O-O 10. Bd3 b5 11. O-O b4 $5 (11... c4 12. Bc2 Bb7 $13 {
/\Qb6,Nbd7}) 12. Na4 Bd7 13. a3 $1 (13. Bxd6 $4 Bxa4 $19) 13... Re8 (13... Bb5
14. axb4 cxb4 15. Nd4 $16) (13... a5 $142 $5 {/\} 14. axb4 axb4 15. Bxd6 $2
Rxa4 $1 16. Bxf8 Rxa1 $17) 14. Re1 (14. axb4 $142 $5 cxb4 (14... Nxe4 15. Re1
$16) 15. Re1 $36 {/\Be3 ><b6,d4}) 14... Bxa4 $6 (14... a5 $13 {פa4}) 15. Qxa4
bxa3 (15... Nh5 $6 16. Bxd6 $1 Bxb2 17. axb4 Bxa1 18. Rxa1 $16 {[+]}) (15... a5
16. axb4 cxb4 17. Rac1 $16) 16. Rxa3 Nfd7 (16... Nh5 $2 17. Bxd6 $18) 17. b4
$16 (17. Bxd6 $4 Nb6 $19) 17... cxb4 18. Qxb4 Nc5 19. Bb5 $1 Re7 20. Bc6 Nxc6 (
20... Raa7 21. e5 Nxc6 (21... dxe5 22. Bg5 f6 23. Qxc5 fxg5 24. d6 $16) 22.
dxc6 dxe5 23. Bg5 f6 24. Qxc5 fxg5 25. Nxg5 $16) 21. dxc6 Rc8 22. e5 $1 Rxc6 (
22... dxe5 $2 23. Qxc5 $18) 23. Bg5 dxe5 24. Bxe7 Qxe7 25. Qb8+ Bf8 (25... Qf8
26. Qxf8+ Kxf8 27. Nxe5 $18) 26. Rxe5 Ne6 27. Ra1 Qb4 28. Qe8 Qc3 29. Rea5 Rc8
(29... Ng7 30. Qe5 $18 {_|_}) 30. Qd7 Rd8 (30... Rc7 31. Qd5 Nc5 32. Ne5 $40 {
/\Ra3-f3}) 31. Qa7 Nc5 32. R5a2 (32. R5a3 $142 $18) 32... Nd3 33. Rf1 Nb4 (
33... Bc5 34. Qxa6 Nb4 35. Qa5 $18) 34. Re2 Bc5 35. Qb7 $18 {/\Ne5} a5 36. Ne5
Rf8 37. Nd7 Qc4 (37... Rd8 38. Nxc5 Qxc5 39. Re7 Rf8 40. Rd1 $18) 38. Re4 Qc2
39. Nxf8 Bxf8 40. Re8 Kg7 41. Ra8 {[Stohl]} (41. Ra8 a4 42. Rxf8 $18) 1-0

[Event "Aruba"]
[Site "Aruba"]
[Date "1992.??.??"]
[Round "2"]
[White "Gulko, Boris F"]
[Black "Polgar, Zsuzsa"]
[Result "1/2-1/2"]
[WhiteElo "2560"]
[BlackElo "2530"]
[PlyCount "55"]
[EventDate "1992.03.??"]
[EventType "tourn"]
[EventRounds "9"]
[EventCountry "NAU"]
[EventCategory "11"]
[Source "ChessBase"]
[SourceDate "1992.10.01"]

1. c4 e6 2. d4 d5 3. Nc3 c6 4. e4 dxe4 5. Nxe4 Bb4+ 6. Nc3 c5 7. a3 Ba5 8. Nf3
Nf6 9. Be3 cxd4 10. Nxd4 Ne4 11. b4 Nxc3 12. Qc2 Bc7 13. Qxc3 Be5 14. f4 Bf6
15. Rd1 O-O 16. Qc2 Qe7 17. Nf3 b6 18. Bd3 g6 19. O-O Bb7 20. Be4 Rc8 21. Ne5
Bg7 22. c5 bxc5 23. Bxc5 Qc7 24. Bxb7 Qxb7 25. Nc4 Qc6 26. Ne5 Qb7 27. Nc4 Qc6
28. Ne5 1/2-1/2